000 01064nam a22001937a 4500
999 _c63566
_d63566
003 Ge_BSU
005 20251031152546.0
008 251031s1996 ge ||||| |||| 00| 0 geo d
041 _ageo
080 _a34(479.22)(094.1) : 338.24.021.8(479.22) : 346.26(479.22)(094.5) ე-49
245 _aეკონომიკური რეფორმა :
_bსაქართველოს ნორმატიული აქტების კრებული. წ. 3 /
_c[ავტ. ს პეტროსიანი].
264 _aთბილისი :
_bნორმა შპს,
_c1996.
300 _a328 გვ.;
_b20 სმ.
653 _a საქართველოს ნორმატიული აქტები
653 _aეკონომიკური რეფორმა საქართველოში
653 _aსაქართველოს სამეწარმეო სამართალი
700 _aპეტროსიანი, ს.
_eავტორი
_926125
942 _2udc
_cᲬᲘᲒᲜᲘ